000
00299nam a22001337a 4500
008
171024b xxu||||| |||| 00| 0 eng d
020
_a
060529763
041
_a
eng
080
_a
311
100
_a
55
101
_a
STA
245
_a
READING STATISTICS AND RESEARCH
_c
CORNIER.H
942
_2
udc
_c
BK
999
_c
35681
_d
35681